Saudi Arabia: Prohibited and Restricted Commodities Quiz Stats

Quiz not verified by Sporcle

Challenge
Share
Tweet
Embed
Score 0/20 Timer 03:00
0 Plays Today
% Correct
Alcoholic beverages and distilling equipment
97.6%
Pork products
87.2%
Massage equipment indecently packaged
86.4%
Animal blood products
84%
Christmas trees
80.8%
Blank invoices for foreign companies
79.2%
Firearms
77.6%
Frog meat
75.2%
Musical greeting cards
61.6%
Used tires
61.6%
% Correct
Laser pointers
60.8%
Soil samples
60.8%
Furs
58.4%
Night vision binoculars
57.6%
Masks
48.8%
Nutmeg
48.8%
Annoying car horns
41.6%
Gemstones
35.2%
Antiques
28.8%
Postal envelopes
28.8%

You're not logged in!

Compare scores with friends on all Sporcle quizzes.
Sign Up with Email
OR
Log In

You Might Also Like...

Show Comments

Extras

Top Quizzes Today


Score Distribution

Your Account Isn't Verified!

In order to create a playlist on Sporcle, you need to verify the email address you used during registration. Go to your Sporcle Settings to finish the process.